000
00310nam a2200121Ia 4500
005
20260328104250.0
008
260328s9999||||xx |||||||||||||| ||und||
100
_a
Jané, Marc
245
0
_a
Willy Drews :
_b
Arquitecto /
_c
Marc Jané
260
_b
Universidad de los Andes
650
_a
ARQUITECTOS
942
_c
BK
999
_c
10214
_d
10214